000 01443nam a2200337 a 4500
001 000030512
003 DO-SdBNP
005 20240530073935.0
007 ta
008 110523s2011 dr 001 0 spa d
020 _a9789945074277
040 _aDO-SdBNP
_bspa
_cBNPHU
082 4 _a809.9112
_bM863mo
_222
100 1 _aMorla, Rafael
_933792
245 1 0 _aModernidad e ilustración en Santo Domingo /
_cRafael Morla.
260 _aSanto Domingo :
_bArchivo General de la Nación,
_c2011.
300 _a167 p. ;
_c23 cm.
490 1 _aArchivo General de la Nación
_v134
500 _aIncluye datos biográficos del autor en las solapas
504 _aIncluye referencias bibliográficas y notas al pie de páginas.
504 _aBibliografía : p. 149-153.
505 0 _aIntroducción --
_tMarco teórico para la comprensión de la ilustración en Santo Domingo --
_tLa ilustración en Santo Domingo en el siglo XVIII --
_tLa ilustración en Santo Domingo en el siglo XIX --
_gConclusión --
_gBibliografía.
590 _aInventariado, 2018/ YL
650 4 _aModernismo (literatura)
_9834
650 0 _aEnsayos dominicanos
_965
650 4 _aFilosofía
_zRepública Dominicana
_xEnsayos, conferencias, etc.
_957132
651 4 _aRepública Dominicana
_xVida intelectual
_ySiglo XVIII
_957133
651 4 _aRepública Dominicana
_xVida intelectual
_ySiglo XIX
_957134
910 _aValidado. Control de calidad EMS
942 _2ddc
_cLBS1
999 _c30004
_d30004